Problemy planowania i polityki spoleczno-gospodarczej ksiega dla uczelniania dorobku naukowego i dzialialnosci gospodarczej Kazimierza Secomskiego

Na minha lista:
Detalhes bibliográficos
Formato: Livro
Idioma:polonês
Publicado em: Warszawa Wydawnictwo ekonomiczne 1980
Tags: Adicionar Tag
Sem tags, seja o primeiro a adicionar uma tag!

MARC

LEADER 00000nam a2200000 4500
001 c142306
005 20041019155324.5
041 0 |a pol 
044 |a PL 
245 1 0 |a Problemy planowania i polityki spoleczno-gospodarczej  |b ksiega dla uczelniania dorobku naukowego i dzialialnosci gospodarczej Kazimierza Secomskiego 
264 1 |a Warszawa  |b Wydawnictwo ekonomiczne  |c 1980 
300 |a 581 s.